LEADER 01532oas 2200481 a 450 001 9910695494403321 005 20170228093516.0 035 $a(CKB)5470000002369812 035 $a(OCoLC)53243432$z(OCoLC)71364782$z(OCoLC)743134209$z(OCoLC)810137449$z(OCoLC)962872108 035 $a(EXLCZ)995470000002369812 100 $a20031021b19uu2012 sa 101 0 $aeng 135 $aurmn||||||||| 181 $ctxt$2rdacontent 182 $cc$2rdamedia 183 $acr$2rdacarrier 200 00$aBackground note, Panama /$fBureau of Western Hemisphere Affairs 210 $a[Washington, D.C.] $cU.S. Dept. of State, Bureau of Western Hemisphere Affairs$d-2012 215 $a1 online resource (volumes) 606 $aDiplomatic relations$2fast 606 $aPolitics and government$2fast 606 $aTravel$2fast 607 $aPanama$xDescription and travel$vPeriodicals 607 $aPanama$xForeign relations$vPeriodicals 607 $aPanama$xPolitics and government$vPeriodicals 607 $aPanama$2fast 608 $aPeriodicals.$2fast 615 7$aDiplomatic relations. 615 7$aPolitics and government. 615 7$aTravel. 712 02$aUnited States.$bDepartment of State.$bBureau of Western Hemisphere Affairs. 801 0$bGPO 801 1$bGPO 801 2$bOCLCQ 801 2$bGPO 801 2$bOCL 801 2$bCOO 801 2$bOCLCQ 801 2$bGPO 906 $aDOCUMENT 912 $a9910695494403321 996 $aBackground note, Panama$93196657 997 $aUNINA